000 00300nam a22001337a 4500
008 170921b xxu||||| |||| 00| 0 eng d
020 _a073999268713
041 _aeng
080 _a78
100 _a45
101 _aMUZ
245 _aTHE FIRST BOOK OF BROADWAY SOLOR
_cBOYTIM,J.F
942 _2udc
_cBK
999 _c28817
_d28817